000 00872nam a2200241 a 4500
001 18084
003 BD-RjUL
005 20211209000232.0
008 140219t1966 enk 000 0 eng d
035 _a(BD-RjUL)18142
040 _aDLC
_cLEC
_dSER
_dOCL
_dEBC
_dEQO
_dBD-RjUL
_beng
041 _aeng
082 0 0 _a809.933
_bADN 1966
100 1 _aAdams, Robert Martin,
_d1915-
_955735
245 1 0 _aNil :
_bepisodes in the literary conquest of void during the nineteenth century /
_cRobert Martin Adams.
246 3 0 _aNil : episodes in the literary conquest of void during the 19th century
260 _aNew York ;
_aOxford :
_bOxford University Press,
_cc1966.
300 _a249 p. ;
_c21 cm.
650 0 _aLiterature, Modern
_y19th century
_xHistory and criticism.
_955540
650 0 _aNothing (Philosophy) in literature.
_955736
942 _2ddc
_cBK
999 _c18084
_d18084